Sterren en liefde, (Record no. 6786)

MARC details
000 -LEADER
fixed length control field 00596cam a22002171 4500
001 - CONTROL NUMBER
control field af 49000928
003 - CONTROL NUMBER IDENTIFIER
control field DLC
005 - DATE AND TIME OF LATEST TRANSACTION
control field 20260227110917.0
008 - FIXED-LENGTH DATA ELEMENTS--GENERAL INFORMATION
fixed length control field 890330s1944 be 000 1 dut c
010 ## - LIBRARY OF CONGRESS CONTROL NUMBER
LC control number af 49000928
035 ## - SYSTEM CONTROL NUMBER
System control number (OCoLC)19479831
040 ## - CATALOGING SOURCE
Original cataloging agency California. Univ. Libr.
Transcribing agency CU
Modifying agency DLC
042 ## - AUTHENTICATION CODE
Authentication code premarc
050 00 - LIBRARY OF CONGRESS CALL NUMBER
Classification number PT2631.A47
Item number S8
082 ## - DEWEY DECIMAL CLASSIFICATION NUMBER
Classification number 833.91
100 1# - MAIN ENTRY--PERSONAL NAME
Personal name Panhuys, Anny von,
Titles and words associated with a name Freifrau von,
Dates associated with a name 1879-
245 10 - TITLE STATEMENT
Title Sterren en liefde,
Remainder of title roman.
260 ## - PUBLICATION, DISTRIBUTION, ETC.
Place of publication, distribution, etc. Antwerpen,
Name of publisher, distributor, etc. Uitgeverij Westernis
Date of publication, distribution, etc. [1944]
300 ## - PHYSICAL DESCRIPTION
Extent 159 p.
Dimensions 17 cm.
440 #3 - SERIES STATEMENT/ADDED ENTRY--TITLE
Title De Briljant uitgave,
Volume/sequential designation nr 14

No items available.

Powered by Koha